000 00474nam a2200181Ia 4500
001 16289
005 20260306170258.0
008 260306t2009||||xx |||||||||||||| ||und||
041 _aESP
082 _a347.6
_bC28
100 _aCarbonell O´Brien, Esteban
_eAUT
245 0 _aEl sistema concursal:
_buna mirada a la novísima legislación peruana
260 _c2009
300 _a846 páginas :
_c23 cm.
650 _aGEN
654 _aCDE
942 _cLIB
_dJUS
_fJUS
_2ddc
_n
999 _c16289
_d16289